000 01284cam a22002891i 4500
003 SA-RiAUC
005 20251120142658.0
008 251021s2000 su a f b 00000 ara c
040 _aSA-JeALM
_bara
_cSA-RiAUC
_erda
043 _aa-su---
082 0 4 _a953.122
_qSA-RiAUC
090 _a953.122
_bر ا ش
100 1 _aالراشد، سعد بن عبد العزيز بن سعد،
_d1365 هجري-
_eمؤلف.
245 1 0 _aدراسات في الآثار الإسلامية المبكرة بالمدينة المنورة /
_cسعد بن عبد العزيز الراشد.
246 3 0 _aالآثار الإسلامية المبكرة بالمدينة المنورة
250 _aالطبعة الأولى.
264 1 _aالرياض :
_bمؤسسة الحزيمي للتجارة والتوكيلات،
_c2000
300 _a245 صفحة :
_bإيضاحيات ؛
_c30 سم
336 _aنص
_btxt
_2rdacontent
_3كتاب
337 _aبدون وسيط
_bn
_2rdamedia
338 _aمجلد
_bnc
_2rdacarrier
504 _aببليوجرافية : صفحة 238-245.
651 7 _aالمدينة المنورة
_xآثار إسلامية
_2aucsh
651 7 _aالمدينة المنورة
_xتاريخ
_2aucsh
942 _2ddc
_cBOOK
_n0
949 _aSA-JeALM
_d251021
_umohamedma123
_n1
999 _c13398
_d13398